[Event "8th ch-Euro"]
[Site "Dresden GER"]
[Date "2007.04.08"]
[Round "6"]
[White "Ftacnik,L"]
[Black "Van Wely,L"]
[Result "1/2-1/2"]
[WhiteElo "2582"]
[BlackElo "2683"]

1.Nf3 Nf6 2.c4 e6 3.Nc3 d5 4.d4 c6 5.e3 Nbd7 6.Qc2 Bd6 7.Bd3 O-O 8.O-O dxc4
9.Bxc4 b5 10.Be2 Bb7 11.Rd1 Qb8 12.Ne4 Nxe4  1/2-1/2

[Event "8th ch-Euro"]
[Site "Dresden GER"]
[Date "2007.04.08"]
[Round "6"]
[White "Epishin,V"]
[Black "Kobalia,M"]
[Result "1/2-1/2"]
[WhiteElo "2554"]
[BlackElo "2639"]

1.d4 d5 2.c4 c6 3.Nf3 Nf6 4.e3 e6 5.Nc3 Nbd7 6.a3 Bd6 7.g4 h6 8.Rg1 dxc4
9.Bxc4 b5 10.Be2 b4 11.axb4 Bxb4 12.h4 c5 13.Kf1 Bb7 14.g5 hxg5 15.hxg5 Ne4
16.Nxe4 Bxe4 17.Bd2 Bxd2 18.Nxd2 Bg6 19.Nb3 cxd4 20.Nxd4 Nb6 21.Bb5+ Kf8
22.Bd3 Bxd3+ 23.Qxd3 Qd5 24.Ke2 g6 25.Nf3 Qxd3+ 26.Kxd3 Ke7 27.Ra5 Rhc8 28.Rga1 Rc7
29.Ne5 Nd7 30.Ke4  1/2-1/2

[Event "8th ch-Euro"]
[Site "Dresden GER"]
[Date "2007.04.08"]
[Round "6"]
[White "Jankovic,A"]
[Black "Kaplan,S"]
[Result "1/2-1/2"]
[WhiteElo "2541"]
[BlackElo "2417"]

1.d4 d5 2.c4 c6 3.Nc3 Nf6 4.e3 e6 5.Nf3 Nbd7 6.Bd3 dxc4 7.Bxc4 b5 8.Bd3 Bd6
9.O-O Bb7 10.e4 e5 11.dxe5 Nxe5 12.Nxe5 Bxe5 13.f4 Bd4+ 14.Kh1 h5 15.Qe1 Ng4
16.Nd1 Bb6 17.Rf3 Qd7 18.Bd2 O-O-O 19.Ba5 f5 20.Bxb6 axb6 21.e5 c5 22.e6 Qe7
23.Bxb5 Bxf3 24.gxf3 Nf6 25.Qe5 Qb7 26.Qe2 Kb8 27.Ne3 Rd4 28.Nc4 Rc8 29.Ne5 Qd5
30.e7 c4 31.a4 Kb7 32.b3  1/2-1/2

[Event "XXXIV Open"]
[Site "La Roda ESP"]
[Date "2007.04.08"]
[Round "9"]
[White "Hernandez Carmenates,Hold"]
[Black "Dias,P"]
[Result "1-0"]
[WhiteElo "2541"]
[BlackElo "2417"]

1.d4 d5 2.c4 c6 3.Nc3 Nf6 4.e3 e6 5.Nf3 Nbd7 6.Bd3 dxc4 7.Bxc4 b5 8.Bd3 a6
9.e4 c5 10.d5 Qc7 11.dxe6 fxe6 12.O-O Bb7 13.Qe2 Bd6 14.Ng5 Nf8 15.f4 c4
16.Bc2 h6 17.Nf3 Bxf4 18.e5 Bxc1 19.Raxc1 Nd5 20.Ne4 O-O-O 21.Nd6+ Kb8 22.a4 Qc5+
23.Kh1 Nf4 24.Qe1 Rg8 25.axb5 axb5 26.Be4 Nd5 27.b3 c3 28.Nxb7 Kxb7 29.Rxc3 Qb6
30.Qd2 Kb8 31.Rd3 Nd7 32.b4 Rgf8 33.Bxd5 Nxe5 34.Ra3 Rxd5 35.Qa2 Rf4 36.Ra8+ Kb7
37.Re8 Kc7 38.Qa8 Qb7 39.Qa5+ Kd6 40.Qd8+ Nd7 41.Re1 e5 42.Nxe5 Rd2 43.Nf3 Rxf3
44.Qe7+ Kd5 45.Qe4+  1-0

[Event "Easter Open"]
[Site "Oberhausen GER"]
[Date "2007.04.08"]
[Round "5"]
[White "Lelchuk,Z"]
[Black "Ackermann,F"]
[Result "1-0"]
[WhiteElo "2366"]
[BlackElo "2086"]

1.Nf3 d5 2.c4 c6 3.e3 Nf6 4.Nc3 e6 5.d4 Nbd7 6.Qc2 Bd6 7.g4 h6 8.h3 Qe7 9.Bd2 dxc4
10.Bxc4 b5 11.Be2 Bb7 12.O-O-O Rc8 13.e4 e5 14.dxe5 Nxe5 15.Nd4 b4 16.Nf5 bxc3
17.Bxc3 Nd3+ 18.Bxd3 Bf4+ 19.Kb1 Qf8 20.e5  1-0

[Event "30th Open"]
[Site "San Sebastian ESP"]
[Date "2007.04.08"]
[Round "9"]
[White "Juez Villar,E"]
[Black "Riesco Lekuona,J"]
[Result "0-1"]
[WhiteElo "1782"]
[BlackElo "1964"]

1.d4 d5 2.c4 c6 3.Nf3 Nf6 4.Nc3 e6 5.e3 Nbd7 6.Qc2 Bd6 7.b3 O-O 8.Bb2 b6
9.Be2 Bb7 10.O-O c5 11.Rfd1 Qe7 12.Rac1 Rac8 13.Qb1 Rfd8 14.cxd5 exd5 15.dxc5 bxc5
16.Rc2 Ne5 17.Rcd2 d4 18.Nxe5 Qxe5  0-1

[Event "8th ch-Euro w"]
[Site "Dresden GER"]
[Date "2007.04.09"]
[Round "7"]
[White "Mira,H"]
[Black "Ziemann,N"]
[Result "1-0"]
[WhiteElo "2171"]
[BlackElo "1989"]

1.Nf3 d5 2.d4 Nf6 3.c4 c6 4.Nc3 e6 5.e3 Nbd7 6.Bd3 dxc4 7.Bxc4 b5 8.Bd3 a6
9.O-O c5 10.e4 cxd4 11.Nxd4 Ne5 12.Bb1 Bc5 13.Nb3 Qxd1 14.Rxd1 Bb6 15.a4 b4
16.a5 Ba7 17.Na4 Bb7 18.Nac5 Bc6 19.Nxa6 O-O 20.Nac5 Rfd8 21.Re1 Bb5 22.h3 Nd3
23.Nxd3 Bxd3 24.Bg5 Bc4 25.Nd2 Bb5 26.Nf3 h6 27.Bd2 Bc5 28.e5 Nd5 29.Be4 Rac8
30.Rec1 Ba6 31.g3 f5 32.Bc2 Be2 33.Kg2 Kf7 34.h4 Ne7 35.Be1 Ng6 36.a6 Bxf3+
37.Kxf3 Nxe5+ 38.Ke2 Bd4 39.Bb3 Rxc1 40.Rxc1 Ra8 41.f4 Ng6 42.Rc7+ Kf6 43.Bxb4 Rb8
44.h5 Rb6 45.Rc4 Nxf4+ 46.gxf4 Bxb2 47.Ba2 e5 48.Ba5 Rd6 49.Rc6 exf4 50.Rxd6+ Kg5
51.Bf7 Kg4 52.Rg6+  1-0

[Event "8th ch-Euro"]
[Site "Dresden GER"]
[Date "2007.04.09"]
[Round "7"]
[White "Cvitan,O"]
[Black "Spiess,Gu"]
[Result "1/2-1/2"]
[WhiteElo "2540"]
[BlackElo "2398"]

1.d4 d5 2.c4 c6 3.Nf3 Nf6 4.Nc3 e6 5.e3 Nbd7 6.Qc2 Bd6 7.b3 O-O 8.Be2 a6
9.O-O e5 10.cxd5 cxd5 11.dxe5 Nxe5 12.Bb2 Bg4 13.Qd1 Nxf3+ 14.Bxf3 Bxf3 15.Qxf3 Be5
16.Rfd1 Rc8 17.Rac1 Qd6  1/2-1/2

[Event "8th ch-Euro w"]
[Site "Dresden GER"]
[Date "2007.04.09"]
[Round "7"]
[White "Mamedjarova,Z"]
[Black "Korbut,E"]
[Result "0-1"]
[WhiteElo "2354"]
[BlackElo "2429"]

1.d4 d5 2.c4 c6 3.e3 Nf6 4.Nf3 e6 5.Nc3 Nbd7 6.Bd3 dxc4 7.Bxc4 b5 8.Bd3 Bd6
9.a4 b4 10.Ne4 Nxe4 11.Bxe4 Bb7 12.a5 Qc8 13.Qa4 c5 14.Bxb7 Qxb7 15.dxc5 Bxc5
16.a6 Qc7 17.Bd2 Qd6 18.O-O O-O 19.Rfd1 Nb6 20.Qb5 Nd5 21.e4 Qb6 22.Qxb6 Nxb6
23.Ra5 Rac8 24.Rxc5 Rxc5 25.Bxb4 Rb5 26.Bxf8 Kxf8 27.g4 Ke7 28.Rd2 Ra5 29.Nd4 Rxa6
30.Nc6+ Kf6 31.e5+ Kg5 32.Rd4 Nd5 33.Rc4 Nf4 34.h3 Nxh3+ 35.Kg2 Nf4+ 36.Kf3 Nd5
37.Nd8 Kg6 38.Ke4 Ra1 39.f4 Re1+ 40.Kf3 Re3+ 41.Kf2 Rb3 42.f5+ exf5 43.Rc6+ Kg5
44.Nxf7+ Kxg4 45.e6 Rxb2+ 46.Kf1 Rb6 47.Rc4+ Kh5 48.Rc5 Ne3+ 49.Kg1 Rxe6
50.Ra5 a6 51.Ne5 g5 52.Nd3 Kh4 53.Ra2 Ng4 54.Kf1 f4 55.Ne1 Ne3+ 56.Kg1 Kg3
57.Rf2 Rd6 58.Re2 Rd1 59.Kh1 a5  0-1

[Event "8th ch-Euro"]
[Site "Dresden GER"]
[Date "2007.04.09"]
[Round "7"]
[White "Solak,D"]
[Black "Bromberger,S"]
[Result "1/2-1/2"]
[WhiteElo "2575"]
[BlackElo "2495"]

1.d4 d5 2.c4 c6 3.Nc3 Nf6 4.Nf3 e6 5.e3 Nbd7 6.Bd3 dxc4 7.Bxc4 b5 8.Bd3 a6
9.e4 c5 10.d5 Bb7 11.O-O Qc7 12.Bc2 O-O-O 13.dxe6  1/2-1/2

[Event "8th ch-Euro"]
[Site "Dresden GER"]
[Date "2007.04.09"]
[Round "7"]
[White "Evdokimov,Alexa"]
[Black "Asrian,K"]
[Result "1-0"]
[WhiteElo "2530"]
[BlackElo "2635"]

1.d4 d5 2.c4 c6 3.Nf3 Nf6 4.Nc3 e6 5.e3 Nbd7 6.Qc2 Bd6 7.Be2 O-O 8.O-O dxc4
9.Bxc4 b5 10.Be2 Bb7 11.Rd1 Qb8 12.e4 e5 13.dxe5 Nxe5 14.Nd4 Ng6 15.g3 Re8
16.Nf5 Bf8 17.Bf3 b4 18.Nb1 c5 19.Nd2 Qe5 20.Re1 Rad8 21.Nc4 Qe6 22.Bg5 Rd7
23.Bxf6 gxf6 24.Bg4 Qc6 25.Na5 Qc8 26.Nxb7 Qxb7 27.Ne3 Rd4 28.Nd5 Kg7 29.Rad1 Ne5
30.Qe2 Rxd1 31.Rxd1 c4 32.Bf5 Bc5 33.Kg2 Rd8 34.f4 Nd3 35.Qg4+ Kf8 36.Nxf6 Ke7
37.Qg5 Nxf4+ 38.Qxf4 Rxd1 39.Qe5+  1-0

[Event "18th Pobeskydi Chance Cup"]
[Site "Frydek Mistek CZE"]
[Date "2007.04.09"]
[Round "9"]
[White "Veres,An"]
[Black "Cibicek,J"]
[Result "1-0"]
[WhiteElo "2152"]
[BlackElo "1980"]

1.d4 d5 2.c4 c6 3.Nc3 e6 4.e3 Nf6 5.Nf3 Nbd7 6.Bd3 Bd6 7.e4 dxe4 8.Nxe4 Nxe4
9.Bxe4 Nf6 10.Bc2 Qc7 11.O-O Ng4 12.h3 Nh2 13.c5 Nxf3+ 14.Qxf3 Be7 15.Bf4 Qd8
16.Rfd1 Bg5 17.Bd6 Be7 18.Qg3 g6 19.Bc7 Qd5 20.Be5 O-O 21.h4 f5 22.Re1 Qd8
23.h5 g5 24.Rad1 Qe8 25.h6 Qg6 26.Bg7 Rf7 27.Bb3 Bd8 28.d5 Bc7 29.dxe6 Bxe6
30.Rxe6  1-0

[Event "5th Arab Cities"]
[Site "Beirut LBN"]
[Date "2007.04.10"]
[Round "4"]
[White "Zozek,S"]
[Black "Ismail,H"]
[Result "1-0"]
[WhiteElo "2204"]
[BlackElo "2328"]

1.d4 d5 2.c4 e6 3.Nc3 Nf6 4.Nf3 c6 5.e3 Nbd7 6.Bd3 dxc4 7.Bxc4 b5 8.Bd3 a6
9.e4 c5 10.e5 cxd4 11.Nxb5 axb5 12.exf6 Qb6 13.fxg7 Bxg7 14.Qe2 b4 15.Bd2 Bb7
16.Bb5 b3 17.Bxd7+ Kxd7 18.a4 Ba6 19.Ne5+ Ke8 20.Nd3 e5 21.O-O Qg6 22.Qf3 Rc8
23.Rfc1 e4 24.Rxc8+ Bxc8 25.Re1 f5 26.Qf4 Qb6 27.Rc1 Bd7 28.Nc5 Rf8 29.a5 Qa7
30.Bb4 Bf6 31.Nxd7 Qxd7 32.Rc7 Qe6 33.Bxf8 Kxf8 34.Qh6+ Ke8 35.Qxh7 d3 36.Rb7 Be7
37.Qh5+ Kf8 38.Qh8+ Kf7 39.Qh7+ Ke8 40.Rb8+ Kd7 41.Qh8 Qc6 42.Qe8+ Kd6 43.Rb6 Qxb6
44.axb6 d2 45.Qh5 Bf6 46.Qd1  1-0

[Event "FSIMA April"]
[Site "Budapest HUN"]
[Date "2007.04.11"]
[Round "5"]
[White "Galyas,M"]
[Black "Balazs,G2"]
[Result "1/2-1/2"]
[WhiteElo "2444"]
[BlackElo "2249"]

1.d4 d5 2.c4 c6 3.Nc3 Nf6 4.e3 e6 5.Nf3 Nbd7 6.Qc2 Bd6 7.Bd3 O-O 8.O-O dxc4
9.Bxc4 a6 10.a4 c5 11.Rd1 Qe7 12.a5 cxd4 13.exd4 b5 14.axb6 Nxb6 15.Bd3 h6
16.Qe2 Nbd5 17.Nxd5 Nxd5 18.Ne5 Nb4 19.Be4 Bb7 20.Ra3 Bxe5 21.dxe5 Rfd8 22.Rf1 Rd4
23.Bxb7 Qxb7 24.Rg3 Qe4 25.Qh5 Qh4 26.Qxh4 Rxh4 27.f4 Nd5 28.Rgf3 f6 29.exf6 Nxf6
30.Re1 Kf7 31.Rb3 Ra7 32.Rb6 Nd5 33.Rbxe6 Nxf4 34.R6e4 Ng6 35.Rf1+ Kg8 36.Rxh4 Nxh4
37.Bd2 Ng6 38.Ra1 Rb7 39.Bc3 Rb6 40.Rd1 Nf4 41.Rd8+ Kh7 42.Kf2 Ne6 43.Rd7 Kg6
44.Ke3 Kf5 45.h3 g5 46.Rf7+ Kg6 47.Rf6+ Kh7 48.g3 Rc6 49.Rf7+ Kg6 50.Re7 g4
51.hxg4 Kg5 52.Ke4 Nf8 53.Kd5 Rb6 54.Re4 Nd7 55.Bd2+ Kg6 56.Re6+ Nf6+ 57.Ke5 Rb5+
58.Kf4 Kf7 59.Rxa6 Nd5+ 60.Ke4 Rxb2 61.Bxh6 Nf6+ 62.Kf3 Rb3+ 63.Kg2 Nxg4
64.Bf4 Ne3+ 65.Kh3 Rd3 66.Ra2 Kg6 67.Re2 Nd5 68.Bd2 Nf6 69.Kg2 Ng4 70.Bc1 Kf5
71.Ra2 Rd5 72.Ra4 Nf6 73.g4+ Kg6 74.Ra6 Kf7 75.g5 Ne4 76.g6+ Kg8 77.Bh6 Rd8
78.Kf3 Nc5 79.Ra7 Ne6 80.Kg4 Nf8 81.Kh5 Rd5+ 82.Bg5 Rd1 83.g7 Rh1+ 84.Bh4 Ne6
85.Kg6 Rg1+ 86.Kf6  1/2-1/2

[Event "8th ch-Euro w"]
[Site "Dresden GER"]
[Date "2007.04.11"]
[Round "8"]
[White "Atalik,E"]
[Black "Danielian,E"]
[Result "1/2-1/2"]
[WhiteElo "2374"]
[BlackElo "2424"]

1.d4 d5 2.c4 c6 3.e3 Nf6 4.Nf3 e6 5.Nc3 Nbd7 6.Qc2 Bd6 7.Be2 O-O 8.O-O dxc4
9.Bxc4 b5 10.Be2 Bb7 11.Ng5 Rc8 12.Nce4 Be7 13.a4 Nxe4 14.Nxe4 c5 15.Qb1 cxd4
16.exd4 bxa4 17.Rxa4 Qb6 18.Be3 Bxe4 19.Qxe4 Nf6 20.Qb1 Rb8 21.Bf3 Nd5 22.Bxd5 exd5
23.Qa2 Qb7  1/2-1/2

[Event "8th ch-Euro"]
[Site "Dresden GER"]
[Date "2007.04.11"]
[Round "8"]
[White "Polak,T"]
[Black "Pitl,G"]
[Result "1-0"]
[WhiteElo "2510"]
[BlackElo "2367"]

1.d4 d5 2.c4 c6 3.Nc3 Nf6 4.e3 e6 5.Nf3 Nbd7 6.b3 Bd6 7.Bd3 O-O 8.O-O b6
9.Bb2 Bb7 10.Qc2 Rc8 11.e4 dxc4 12.bxc4 e5 13.Ne2 Qe7 14.Ng3 g6 15.Qd2 c5
16.d5 Rfe8 17.Bc3 Nf8 18.h3 N6d7 19.Qh6 f6 20.Nh2 Qg7 21.Ng4 Bc7 22.Qd2 h5
23.Ne3 h4 24.Ne2 Nh7 25.Ng4 Ng5 26.f3 Rf8 27.Rf2 Rce8 28.Raf1 Bc8 29.Kh1 Bd6
30.Qc1 Bc7 31.Bd2 Bd8 32.Qa3 Nb8 33.Qc1 Nd7 34.Nc3 a6 35.Bc2 Nf7 36.Ba4 Kh7
37.f4 exf4 38.Bxf4 Nfe5 39.Bh6 Nxg4 40.Bxg7 Nxf2+ 41.Rxf2 Kxg7 42.Qf4 Re5
43.Qxh4 Bc7 44.d6 Bxd6 45.Bxd7 Bxd7 46.Rd2 Re6 47.e5 g5 48.Qg3 Bxe5 49.Rxd7+ Kg6
50.Qd3+ f5 51.Nd5 Bd4 52.Re7 Re8 53.Rxe8 Rxe8 54.g4  1-0

[Event "8th ch-Euro"]
[Site "Dresden GER"]
[Date "2007.04.11"]
[Round "8"]
[White "Nagatz,F"]
[Black "Martinovic,Sa"]
[Result "0-1"]
[WhiteElo "2276"]
[BlackElo "2400"]

1.d4 d5 2.Nf3 Nf6 3.c4 e6 4.Nc3 c6 5.e3 a6 6.b3 Bb4 7.Bd2 Nbd7 8.Bd3 O-O
9.O-O Bd6 10.e4 dxc4 11.bxc4 e5 12.c5 Bc7 13.Na4 exd4 14.Qc2 h6 15.h3 Re8
16.Rfe1 Nf8 17.Rab1 Ne6 18.Bc4 Rb8 19.Rb3 Qe7 20.Qc1 Rd8 21.e5 Nd5 22.Bd3 Nc3
23.Bxc3 dxc3 24.Qxc3 Nf4 25.Bb1 Be6 26.Rb2 Bd5 27.Qe3 Ne6 28.Nh2 Qg5 29.Qxg5 hxg5
30.Ng4 Ba5 31.Rc1 Nf4 32.f3 Be6 33.Nc3 Rd4 34.Ne4 Bb4 35.Rbc2 Bf5 36.Rf2 Rbd8
37.Kh2 Kf8 38.Nd6 Bxb1 39.Rxb1 Nd3 40.Rc2 Rd7 41.Rd1 Rd5 42.Rb1 Rxc5 43.Rxc5 Bxc5
44.Nxb7 Bd4 45.Na5 Nxe5 46.Rb8+ Ke7 47.Rc8 c5 48.Nb3 c4 49.Nxd4 Nxg4+ 50.fxg4 Rxd4
51.Rc6 a5 52.Kg3 Kd7 53.Rb6 c3 54.Rb3 Rc4 55.Rb1 Kc6 56.Kf2 Kc5 57.Ke3 Rd4
58.Rb8 Rd7 59.Rc8+ Kb4 60.Rb8+ Kc4 61.Rc8+ Kb4 62.Rb8+ Ka3 63.Rb3+ Kxa2 64.Rxc3 a4
65.Rc5 f6 66.Ra5 Kb3 67.g3 a3 68.Ra8 Rb7 69.Rd8 a2 70.Rd3+ Ka4 71.Rd4+ Rb4
72.Rd8 Ka3  0-1

[Event "Open"]
[Site "Sydney AUS"]
[Date "2007.04.11"]
[Round "2"]
[White "Suttor,V"]
[Black "Solomon,SJ"]
[Result "0-1"]
[WhiteElo "2153"]
[BlackElo "2430"]

1.d4 d5 2.c4 e6 3.Nc3 c6 4.e3 Nf6 5.Nf3 Nbd7 6.Bd3 dxc4 7.Bxc4 b5 8.Bd3 a6
9.e4 c5 10.d5 c4 11.dxe6 fxe6 12.Bc2 Qc7 13.O-O Bb7 14.Ng5 Nc5 15.e5 Qxe5
16.Re1 Qd6 17.Qxd6 Bxd6 18.Be3 Nd3 19.Bxd3 cxd3 20.Rad1 O-O 21.Rxd3 Bd5 22.Nxe6 Bxh2+
23.Kxh2 Bxe6 24.Bd4 Ng4+ 25.Kg3 Bc4 26.Rf3 Nh6 27.b3 Rxf3+ 28.Kxf3 Rf8+ 29.Ke4 Be6
30.Kd3 Bf5+ 31.Ke2 Re8+ 32.Kd2 Rd8 33.Ne2 Bg6 34.Kc3 Nf5 35.Bc5 Rd5 36.b4 Re5
37.Kd2 Nd6 38.Bxd6 Rd5+ 39.Kc1 Rxd6 40.Nc3 Rc6 41.Re3 a5 42.a3 axb4 43.axb4 Rc4
44.Kd2 Rxb4 45.Re5 Rd4+ 46.Kc1 Rc4 47.Kb2 b4 48.Nd5 Rc2+ 49.Kb3 Rxf2 50.g4 Bf7  0-1

[Event "Open"]
[Site "Sydney AUS"]
[Date "2007.04.11"]
[Round "3"]
[White "Goldenberg,I"]
[Black "Chandler,M"]
[Result "0-1"]
[WhiteElo "2388"]
[BlackElo "2548"]

1.d4 d5 2.c4 e6 3.Nc3 c6 4.e3 Nf6 5.Nf3 Nbd7 6.Bd3 dxc4 7.Bxc4 b5 8.Bd3 Bb7
9.O-O a6 10.e4 c5 11.d5 Qc7 12.Qe2 c4 13.Bc2 Bd6 14.dxe6 fxe6 15.Nd4 Nc5
16.f4 e5 17.Nf5 O-O 18.Nxd6 Qxd6 19.fxe5 Qxe5 20.Rf5 Qc7 21.a4 Nd3 22.Bxd3 cxd3
23.Qxd3 Ng4 24.Qg3 Qb6+ 25.Kf1 Bxe4 26.Rf4 Bd3+ 27.Ne2 Rae8 28.Rxf8+ Rxf8+
29.Ke1 Bxe2 30.Kxe2 Qe6+ 31.Be3 Qc4+ 32.Kd2 Nf6  0-1

[Event "8th ch-Euro w"]
[Site "Dresden GER"]
[Date "2007.04.13"]
[Round "10"]
[White "Hoang Thanh Trang"]
[Black "Korbut,E"]
[Result "1-0"]
[WhiteElo "2472"]
[BlackElo "2429"]

1.d4 d5 2.c4 c6 3.Nc3 Nf6 4.e3 e6 5.Nf3 Nbd7 6.Bd3 dxc4 7.Bxc4 b5 8.Bd3 Bd6
9.O-O O-O 10.Bd2 Bb7 11.Ne4 Nxe4 12.Bxe4 Qe7 13.Rc1 Rac8 14.Bd3 a6 15.e4 e5
16.Bg5 f6 17.Be3 c5 18.d5 c4 19.Bb1 Nc5 20.Nh4 g6 21.Qg4 Qd7 22.Qg3 Kh8 23.Kh1 Na4
24.b3 cxb3 25.axb3 Nc3 26.Bd3 Rf7 27.f4 b4 28.Nf3 Bxd5 29.fxe5 fxe5 30.Nxe5 Bxb3
31.Nxf7+ Bxf7 32.Rxf7  1-0

[Event "8th ch-Euro"]
[Site "Dresden GER"]
[Date "2007.04.13"]
[Round "10"]
[White "Jianu,V"]
[Black "Buhmann,R"]
[Result "1/2-1/2"]
[WhiteElo "2506"]
[BlackElo "2581"]

1.d4 d5 2.c4 c6 3.Nc3 Nf6 4.e3 e6 5.Nf3 Nbd7 6.Bd3 dxc4 7.Bxc4 b5 8.Bd3 a6
9.e4 c5 10.d5 c4 11.Bc2 Qc7 12.O-O Bc5 13.Qe2 e5 14.Bg5 O-O 15.Kh1 Ne8 16.Nh4 Nd6
17.f4 f6 18.fxe5 Nxe5 19.Bf4 Bd7 20.Qd2 Rae8 21.Rae1 Qb6 22.Bg3 Nd3 23.Bxd3 cxd3
24.e5 fxe5 25.Rxf8+ Rxf8 26.Qxd3 Bf2 27.Rxe5 b4 28.Ne2 Bb5 29.Qd1 Nc4 30.Rf5 Bc5
31.d6 Ne3 32.Rxf8+ Kxf8 33.Qd2 Qc6 34.Bf2 Qxd6 35.Qxd6+ Bxd6 36.Bxe3 Bxe2
37.Nf5 Be5 38.Bd4 Bxd4 39.Nxd4 Bc4 40.Nc6 Bxa2 41.Nxb4 Bc4 42.Kg1 Ke7 43.Kf2 Kd6
44.Ke3 Bf1 45.g3 Kc5 46.Nc2 Kc4 47.Kd2 Bh3 48.Ne1 Bf5 49.Nf3 Bc8 50.Ng5 h6
51.Ne4 Kd4 52.Nf2 Bd7 53.Nd3 Bb5 54.Nf4 Bc4 55.Nh5 g6 56.Nf4 g5 57.Ng2 Ke4
58.Ne3 Be6 59.Nc2 Bd7 60.Ne1 Bb5 61.Nc2 Bd7 62.Ne1 Bh3 63.Ke2 Be6 64.Kd2 Bc4
65.Nc2 Kf3 66.Nd4+ Ke4 67.Nc2 h5 68.Ne3 Bb5 69.Nc2 Bd3 70.Ne1 Bc4 71.Nc2 Kf3
72.Nd4+ Kg2 73.Ke3 Kxh2 74.Kf2 Bd5 75.b4 Kh3 76.Nf5 Be4 77.Nd6 Bd5 78.Nf5 Be6
79.Nd4 Bc8 80.Nc2 Bb7 81.Ne3 Be4 82.Nc4 Bd3 83.Ne5 Bb5 84.Nf7 Kg4 85.Nh6+ Kh3
86.Nf7 g4 87.Ng5+ Kh2 88.Ne4 Bd3 89.Nd2 Bb5 90.Ne4 Be8 91.Nd2 Bg6 92.Nf1+ Kh3
93.Ne3 Be4 94.Nf1 Bd5 95.Ne3 Bc6 96.Nf5 Be4 97.Ne3 Bg6 98.Ng2 Kh2 99.Nf4 Bf7
100.Ng2 Be8 101.Nf4 Bf7 102.Ng2 Bd5 103.Nf4 h4 104.gxh4 g3+ 105.Kf1 Bf7 106.Ke1 Be8
107.Kf1 Bf7 108.Ke1  1/2-1/2

[Event "8th ch-Euro w"]
[Site "Dresden GER"]
[Date "2007.04.13"]
[Round "10"]
[White "Medic,Mir"]
[Black "Winkelmann,E"]
[Result "1/2-1/2"]
[WhiteElo "2265"]
[BlackElo "2114"]

1.d4 d5 2.c4 c6 3.e3 Nf6 4.Nc3 e6 5.Nf3 Nbd7 6.Bd3 Bd6 7.O-O O-O 8.e4 dxe4
9.Nxe4 Nxe4 10.Bxe4 h6 11.Re1 Nf6 12.Bc2 c5 13.Be3 b6 14.Qe2 Bb7 15.dxc5 Bxc5
16.Bf4 Qe7 17.h3 Rad8 18.a3 Bd6 19.Ne5 Bxe5 20.Bxe5 Nh7 21.Rad1 Ng5 22.b4 f6
23.Bg3 e5 24.Rxd8 Rxd8 25.f4 Ne6 26.Be4 Bxe4 27.Qxe4 exf4 28.Bxf4 Kf7 29.Be3 Qd7
30.Bf2 Ng5 31.Qe2 Re8 32.Qh5+ g6 33.Qd1 Rxe1+ 34.Qxe1 Qc6 35.c5 Ne4 36.Qe2 Nxf2
37.Qxf2 bxc5 38.bxc5 Ke6 39.Qd4 Qd5 40.Qb4 Qd1+ 41.Kh2 Qd5 42.Qa5 Qe5+ 43.Kg1 Kd5
44.Qxa7 Qe1+ 45.Kh2 Qe5+ 46.Kh1 Qa1+ 47.Kh2 Qe5+ 48.Kh1 Qa1+ 49.Kh2 Qe5+
50.g3 Qe2+ 51.Kg1 Qe1+ 52.Kg2 Qe4+ 53.Kf2 Qc2+ 54.Kf3 Qe4+  1/2-1/2

[Event "Open"]
[Site "Sydney AUS"]
[Date "2007.04.13"]
[Round "7"]
[White "Voon,R"]
[Black "Gutierrez Castillo,P"]
[Result "0-1"]
[WhiteElo "2023"]
[BlackElo "2176"]

1.Nf3 Nf6 2.c4 e6 3.Nc3 d5 4.d4 c6 5.e3 Nbd7 6.Qc2 Bd6 7.Bd3 dxc4 8.Bxc4 c5
9.O-O cxd4 10.exd4 O-O 11.Rd1 Nb6 12.Bd3 h6 13.a3 Bd7 14.Ne4 Nxe4 15.Bxe4 Rc8
16.Qe2 Bc6 17.Bd2 Nd5 18.Rac1 Nf4 19.Qe3 Bxe4 20.Qxe4 Nd5 21.Ne5 Qe7 22.Qg4 Kh7
23.Qh3 Bxe5 24.dxe5 Rxc1 25.Rxc1 Qd7 26.Qd3+ Kh8 27.h3 Rc8 28.Qg3 Rxc1+ 29.Bxc1 Ne7
30.Qf3 Ng6 31.Qe2 Qc7 32.Be3 Qxe5 33.Qc2 Qb8 34.Qa4 a6 35.h4 Qd8 36.g3 Ne7
37.Bc5 Nf5 38.Bb4 Qc8 39.Bc3 Qc6 40.Qg4 Qd5 41.Qf4 Qd6 42.Qf3 Qd5 43.Qf4 Qd1+
44.Kg2 Qd6 45.Qg4 b5 46.Kg1 Kh7 47.Qe4 Qd1+ 48.Kh2 Qd5 49.Qf4 Qc5 50.Kg1 f6
51.h5 Qc4 52.Qf3 Qd5 53.Qf4 Qd1+ 54.Kg2 Qxh5 55.Qc7 Qg5 56.Qb6 Nh4+ 57.Kh3 Qf5+
58.Kh2 Nf3+ 59.Kg2 Ng5 60.Kg1 Qb1+ 61.Kh2 Qf5 62.Kg1 e5 63.Qxa6 Qb1+ 64.Kg2 Qe4+
65.Kh2 Qf5 66.Kg1 Qh3 67.Qb7 e4 68.f4 Qxg3+ 69.Kf1 Qxf4+ 70.Ke1 Qc1+ 71.Ke2 Qc2+
72.Kf1 Qd3+ 73.Ke1 e3 74.Qc6 e2  0-1

[Event "8th ch-Euro"]
[Site "Dresden GER"]
[Date "2007.04.14"]
[Round "11"]
[White "Luechtemeier,P"]
[Black "Ris,R"]
[Result "1/2-1/2"]
[WhiteElo "2270"]
[BlackElo "2411"]

1.d4 d5 2.c4 c6 3.e3 Nf6 4.Nc3 e6 5.Nf3 Nbd7 6.Qc2 Bd6 7.Bd3 O-O 8.O-O dxc4
9.Bxc4 a6 10.Rd1 b5  1/2-1/2

[Event "8th ch-Euro"]
[Site "Dresden GER"]
[Date "2007.04.14"]
[Round "11"]
[White "Yakovich,Yur"]
[Black "Baramidze,D"]
[Result "1/2-1/2"]
[WhiteElo "2600"]
[BlackElo "2543"]

1.d4 d5 2.c4 c6 3.Nc3 Nf6 4.e3 e6 5.Nf3 Be7 6.Bd3 O-O 7.O-O Nbd7 8.b3 b6
9.Bb2 Bb7 10.Qe2 dxc4 11.bxc4 c5 12.Rad1 cxd4 13.exd4 Re8 14.Ne5 Nxe5 15.dxe5 Nd7
16.Nb5 Qc8 17.Nd6 Bxd6 18.exd6 Qc6 19.Qg4 g6 20.Rfe1 Rad8 21.Qg3 Qc5 22.h4 Bc6
23.Be4 Bxe4 24.Rxe4 f6 25.Qh3 Kf7 26.Qf3 Qh5 27.g4 Qxh4 28.Kg2 Qg5 29.Rh1 Rh8
30.Bc1 Qc5 31.Ba3 Qc6 32.Rhe1 Ne5 33.Qc3 g5 34.Kg1 h5 35.Rxe5 fxe5 36.Qxe5 Qxc4
37.Bb2 Qxg4+ 38.Kf1 Qh3+ 39.Kg1 Qg4+ 40.Kf1 Qh3+ 41.Kg1 Qg4+  1/2-1/2

[Event "8th ch-Euro"]
[Site "Dresden GER"]
[Date "2007.04.14"]
[Round "11"]
[White "Vallejo Pons,F"]
[Black "Mastrovasilis,D"]
[Result "1-0"]
[WhiteElo "2676"]
[BlackElo "2546"]

1.d4 d5 2.c4 c6 3.Nc3 Nf6 4.e3 e6 5.Nf3 Nbd7 6.Bd3 dxc4 7.Bxc4 b5 8.Bd3 a6
9.e4 c5 10.e5 cxd4 11.Nxb5 Ng4 12.Nd6+ Bxd6 13.exd6 Qa5+ 14.Bd2 Qd5 15.O-O Nge5
16.Bf4 Bb7 17.Rc1 g5 18.Bg3 Nxf3+ 19.gxf3 Qxf3 20.Qxf3 Bxf3 21.Rc7 Rd8 22.Bxa6 O-O
23.Bb5 Nf6 24.a4 Nd5 25.Rc4 Be2 26.Rxd4 Bxb5 27.axb5 Rb8 28.Rc1 Rfd8 29.d7 Nf4
30.Rxf4 gxf4 31.Bxf4 Ra8 32.Rc8 Rdxc8 33.dxc8=Q+ Rxc8 34.b6  1-0

[Event "8th ch-Euro"]
[Site "Dresden GER"]
[Date "2007.04.14"]
[Round "11"]
[White "Drozdovskij,Y"]
[Black "Banusz,T"]
[Result "1-0"]
[WhiteElo "2558"]
[BlackElo "2463"]

1.d4 d5 2.c4 e6 3.Nc3 c6 4.e3 Nf6 5.Nf3 Nbd7 6.Bd3 dxc4 7.Bxc4 b5 8.Bd3 Bd6
9.O-O O-O 10.b3 Bb7 11.Bb2 a6 12.a4 b4 13.Ne4 Nxe4 14.Bxe4 Nf6 15.Bd3 c5
16.dxc5 Bxc5 17.Rc1 Be7 18.Qe2 Qa5 19.Ne5 Rac8 20.e4 Rfd8 21.Rxc8 Rxc8 22.Nc4 Qh5
23.Qxh5 Nxh5 24.g3 Rd8 25.Be2 Nf6 26.f3 Nd7 27.Na5 Nc5 28.Bc1 Ba8 29.Be3 Rc8
30.Rc1 Rc7 31.Bd2 Bd6 32.Bxb4 Nb7 33.Rxc7 Bxc7 34.Nc4 Nd8 35.Ba5 Bxa5 36.Nxa5 Nb7
37.Nxb7 Bxb7 38.Kf2 e5 39.Ke3 a5 40.Kd2 Kf8 41.Kc3 Ke7 42.b4 axb4+ 43.Kxb4 Kd6
44.a5 g5 45.g4  1-0

[Event "8th ch-Euro w"]
[Site "Dresden GER"]
[Date "2007.04.14"]
[Round "11"]
[White "Foisor,C"]
[Black "Houska,Jo"]
[Result "0-1"]
[WhiteElo "2384"]
[BlackElo "2381"]

1.c4 c6 2.Nc3 d5 3.e3 Nf6 4.Nf3 e6 5.d4 Nbd7 6.Qc2 Bd6 7.Be2 O-O 8.O-O dxc4
9.Bxc4 a6 10.Rd1 b5 11.Bd3 Qc7 12.e4 e5 13.Ne2 Bb7 14.Bg5 exd4 15.Nexd4 h6
16.Bxf6 Nxf6 17.Nf5 Bf4 18.g3 Be5 19.Rac1 Rfd8 20.b4 a5 21.a3 axb4 22.axb4 Ra3
23.Qe2 Rda8 24.Bb1 Rc3 25.Rxc3 Bxc3 26.Qc2 Ra3 27.e5 Bxe5 28.Nxe5 Qxe5 29.Qc5 Qxc5
30.bxc5 Nd5 31.Re1 g6 32.Nd6 Ba6 33.Be4 b4 34.Rb1 Bd3 35.Bxd3 Rxd3 36.Nc4 Rc3
37.Ne3 Nxe3 38.fxe3 Rxe3 39.Rxb4 Rc3 40.Kf2 Rxc5 41.h4 h5 42.Rb8+ Kg7 43.Rc8 Rc3
44.Rc7 Kf6 45.Kg2 Ke6 46.Kf2 f6 47.Kg2 Rc2+ 48.Kf3 Kf5 49.Rf7 Rc3+ 50.Kf2 c5
51.Rf8 c4 52.Rf7 Rd3 53.Rf8 c3 54.Rf7 c2 55.Rc7 Kg4 56.Rxc2 Rf3+ 57.Kg2 Rxg3+
58.Kh2 Kxh4 59.Rf2 f5 60.Rf4+ Rg4 61.Rf2 Re4 62.Rf1 Re2+ 63.Kh1 Kh3 64.Kg1 h4
65.Kh1 g5 66.Kg1 f4 67.Kh1 g4 68.Kg1 f3  0-1

[Event "Open"]
[Site "Sydney AUS"]
[Date "2007.04.14"]
[Round "8"]
[White "Shipov,S"]
[Black "Bernardino J.,A"]
[Result "0-1"]
[WhiteElo "2592"]
[BlackElo "2146"]

1.d4 d5 2.c4 c6 3.Nc3 Nf6 4.Nf3 e6 5.e3 Bd6 6.Bd3 O-O 7.O-O Nbd7 8.e4 dxe4
9.Nxe4 Nxe4 10.Bxe4 Nf6 11.Bc2 b6 12.Bg5 Bb7 13.Qd3 g6 14.Rad1 Be7 15.Qe3 Qc7
16.Qe5 Qd8 17.Rfe1 Re8 18.Qe3 Nh5 19.c5 Ng7 20.g4 h5 21.Ne5 f6 22.Bxf6 Bxf6
23.Qh6 Bxe5 24.dxe5 Qh4 25.Bxg6 Qxg4+ 26.Kf1 Ba6+ 27.Rd3 Bxd3+ 28.Bxd3 Nf5
29.Bxf5 exf5 30.e6 Qc4+ 31.Kg1 Re7  0-1

[Event "8th ch-Euro T/B Qualification"]
[Site "Dresden GER"]
[Date "2007.04.15"]
[Round "1.2"]
[White "Avrukh,B"]
[Black "Beliavsky,A"]
[Result "1-0"]
[WhiteElo "2644"]
[BlackElo "2648"]

1.d4 Nf6 2.c4 e6 3.Nf3 d5 4.Nc3 c6 5.e3 Nbd7 6.Bd3 dxc4 7.Bxc4 b5 8.Bd3 Bb7
9.a3 b4 10.Ne4 Nxe4 11.Bxe4 Be7 12.O-O Nf6 13.Bd3 O-O 14.axb4 Bxb4 15.e4 h6
16.e5 Nd5 17.Qe2 Ne7 18.Qe4 Ng6 19.h4 Re8 20.h5 Nf8 21.Qg4 Kh8 22.d5 a5 23.d6 Ba6
24.Bxa6 Rxa6 25.Qc4 Qa8 26.Be3 c5 27.Rfd1 Nd7 28.Bxh6 gxh6 29.Qf4 Kg7 30.Nh2 Rh8
31.Rd3 Kf8 32.Ng4 c4 33.Rf3 f5 34.Qxc4 Nc5 35.Nf6 Ra7 36.Rd1 Rf7 37.d7 Qd8
38.Rd6 Rxf6 39.exf6 Rh7 40.Rfd3 Nb7 41.Rc6 Qxf6 42.Rxe6  1-0

[Event "Reykjavik International"]
[Site "Reykjavik ISL"]
[Date "2007.04.15"]
[Round "5"]
[White "Johannesson,I"]
[Black "Thorgeirsson,S"]
[Result "1/2-1/2"]
[WhiteElo "2299"]
[BlackElo "2029"]

1.d4 d5 2.c4 c6 3.Nf3 Nf6 4.Nc3 e6 5.e3 Nbd7 6.b3 Bd6 7.Be2 O-O 8.O-O Ne4
9.Nxe4 dxe4 10.Nd2 f5 11.Bb2 Bxh2+ 12.Kxh2 Qh4+ 13.Kg1 Rf6 14.f3 Rh6 15.fxe4 Qh2+
16.Kf2 Qh4+ 17.Kg1  1/2-1/2